000 00552nam a2200193Ia 4500
003 OSt
005 20220830111156.0
008 220830b |||||||| |||| 00| 0 eng d
020 _a0 7546 3344 6
040 _cIFM Library
082 _a338.04
100 _aKalantaridis, Christos.
_97708
245 _aUnderstanding the Entrepreneur.
260 _aEngland:
_bAshgate,
_c2004.
300 _aix, 160p.:
_bill.; 24cm.
500 _aIncludes Bibliographical Reference and Index.
650 _aEntrepreneurshipBusiness people
_97709
942 _cBK
_2ddc
_n0
999 _c8347
_d8347